La hora de la estrella /
In a haunting psychological tale of despair and freedom, Macabea is ugly, underfed, sickly, and unloved yet she fascinates Rodrigo because she is unaware of how unhappy she should be.
Wedi'i Gadw mewn:
| Prif Awdur: | |
|---|---|
| Awduron Eraill: | |
| Fformat: | Electronig eLyfr |
| Iaith: | Sbaeneg Portiwgaleg |
| Cyhoeddwyd: |
Madrid :
Siruela
[2015]
|
| Rhifyn: | Edición en formato digital. |
| Cyfres: | Biblioteca Clarice Lispector ;
4 |
| Pynciau: | |
| Mynediad Ar-lein: | Digitalia Hispánica |
| Tagiau: |
Ychwanegu Tag
Dim Tagiau, Byddwch y cyntaf i dagio'r cofnod hwn!
|
MARC
| LEADER | 00000nam a2200000Ii 4500 | ||
|---|---|---|---|
| 001 | DIGSIRLA0436 | ||
| 003 | NyNyDIG | ||
| 006 | m o d | ||
| 008 | 170420s2015 sp a o 000 f spa d | ||
| 007 | cr ||||||||||| | ||
| 035 | |a (OCoLC)983214155 | ||
| 040 | |a DGITA |b eng |e rda |e pn |c DGITA | ||
| 020 | |a 9788416465316 |q (eBook ; |q ePub) | ||
| 020 | |a 8416465312 |q (eBook ; |q ePub) | ||
| 020 | |a 9788416465323 |q (eBook ; |q Kindle) | ||
| 020 | |a 8416465320 |q (eBook ; |q Kindle) | ||
| 020 | |z 9788416120796 | ||
| 020 | |z 841612079X | ||
| 041 | 1 | |a spa |h por | |
| 043 | |a s-bl--- | ||
| 050 | 1 | 4 | |a PQ9697.L585 ebook |
| 082 | 0 | 4 | |a 869.342 |
| 100 | 1 | |a Lispector, Clarice, |e author. | |
| 240 | 1 | 0 | |a Hora da estrela. |l Spanish |s (Poljak) |
| 245 | 1 | 3 | |a La hora de la estrella / |c Clarice Lispector ; traducción del portugués de Ana Poljak. |
| 250 | |a Edición en formato digital. | ||
| 264 | 1 | |a Madrid : |b Siruela |c [2015] | |
| 300 | |a 1 online resource. | ||
| 336 | |a text |b txt |2 rdacontent | ||
| 337 | |a computer |b c |2 rdamedia | ||
| 338 | |a online resource |b cr |2 rdacarrier | ||
| 490 | 1 | |a Biblioteca Clarice Lispector ; |v 4 | |
| 520 | |a In a haunting psychological tale of despair and freedom, Macabea is ugly, underfed, sickly, and unloved yet she fascinates Rodrigo because she is unaware of how unhappy she should be. | ||
| 588 | 0 | |a Online resource; title from ePub title page (Digitalia, viewed April 21, 2017) | |
| 651 | 0 | |a Rio de Janeiro (Brazil) |v Fiction. | |
| 655 | 7 | |a Psychological fiction. |2 lcgft | |
| 655 | 0 | |a Electronic books. | |
| 700 | 1 | |a Poljak, Ana, |e translator. | |
| 700 | 1 | |i Translation of: |a Lispector, Clarice. |t Hora da estrela. | |
| 791 | 2 | |a Digitalia (Firm), |e distributor. | |
| 793 | 0 | |g Digitalia eBook Collection: |a Siruela | |
| 776 | 0 | 8 | |i Print version: |a Lispector, Clarice. |s Hora da estrela. Spanish (Poljak). |t Hora de la estrella. |d Madrid : Siruela, [2014] |z 9788416120796 |
| 830 | 0 | |a Biblioteca Clarice Lispector ; |v 4 | |
| 856 | 4 | 0 | |3 Digitalia Hispánica |u https://digitalia.unach.elogim.com/a/44729/ |
| 910 | |a Premium collection: 2017 | ||